Phänomenologie des Geistes /

Guardado en:
Bibliografiske detaljer
Hovedforfatter: Hegel, Friedrich (autor)
Andre forfattere: Schulze, Johannes (prólogo) (prólogo)
Format: Bog
Sprog:German
Udgivet: Stuttgart, Alemania : Frommann, 1951, c1951
Tags: Tilføj Tag
Ingen Tags, Vær først til at tagge denne postø!

MARC

LEADER 00000nam^a2200000^a^4500
001 000567775
005 20250521000000.0
009 20260310132134.289
037 |a Acervo Xavier Clavigero 
041 |a ALE 
091 |a FPA. 02006 
100 |a Hegel, Friedrich  |e (autor) 
245 1 0 |a Phänomenologie des Geistes / 
264 4 |a Stuttgart, Alemania :  |b Frommann,  |c 1951, c1951 
300 |a 620 p. 
336 |a texto  |b txt  |2 rdacontenido 
337 |a sin mediación  |b n  |2 rdamedio 
338 |a volumen  |b nc  |2 rdasoporte 
649 |a XX 
700 |a Schulze, Johannes  |e (prólogo) 
910 |a Fondo José Ignacio Palencia Gómez S.J. 
920 |a Impresos - Libros 
930 |a Fondos Especiales 
905 |a 137 
901 |a 0500359630  |b IT2  |c ESL  |i D  |u 20250521 
902 |a https://opac.biblio.iteso.mx/vufind/Record/000567775